000 00299nam a22001337a 4500
008 181106b xxu||||| |||| 00| 0 eng d
020 _a9780131179837
041 _aeng
080 _a370
100 _a48
101 _aEDU
245 _aBecoming A Strategic Thinker
_cJamaes,W
942 _2udc
_cBK
999 _c51970
_d51970